ბათუმის შოთა რუსთაველის სახელმწიფო უნივერსიტეტის ბიბლიოთეკა

Механизация и централизация учета в газовых автотранспортных предприятиях (ბიბ.ჩანაწერი № 37312)

000 -LEADER
fixed length control field 00572nam a2200205Ia 4500
001 - CONTROL NUMBER
control field 3271
003 - CONTROL NUMBER IDENTIFIER
control field GE_BSU
008 - FIXED-LENGTH DATA ELEMENTS--GENERAL INFORMATION
fixed length control field 181216s||||||||xx |||||||||||||| ||und||
040 ## - CATALOGING SOURCE
Transcribing agency GE_BSU
080 ## - UNIVERSAL DECIMAL CLASSIFICATION NUMBER
Universal Decimal Classification number 656.13
100 ## - MAIN ENTRY--PERSONAL NAME
Personal name Савицкий,Б.П
245 ## - TITLE STATEMENT
Title Механизация и централизация учета в газовых автотранспортных предприятиях
245 ## - TITLE STATEMENT
Statement of responsibility, etc. РЕд.А.П.Седова
260 ## - PUBLICATION, DISTRIBUTION, ETC.
Place of publication, distribution, etc. М
260 ## - PUBLICATION, DISTRIBUTION, ETC.
Name of publisher, distributor, etc. Транспорт
260 ## - PUBLICATION, DISTRIBUTION, ETC.
Date of publication, distribution, etc. 1973
300 ## - PHYSICAL DESCRIPTION
Extent 408 стр
300 ## - PHYSICAL DESCRIPTION
Dimensions 21см.
942 ## - ADDED ENTRY ELEMENTS (KOHA)
Koha item type წიგნი

არაა ხელმისაწვდომი ეგზემპლარები.